| 000 | 00817nam a2200253Ia 4500 | ||
|---|---|---|---|
| 003 | OSt | ||
| 005 | 20250221101138.0 | ||
| 008 | 210716s2007 xx 000 0 und d | ||
| 020 | _a9788181287243 | ||
| 040 | _cAIMIT LIBRARY | ||
| 041 | _aeng | ||
| 082 |
_a005.7402 _bASCK |
||
| 100 |
_aAschenbrenner, Klaus. _9201636 |
||
| 245 |
_aPro sql server 2005 service broker / _cBy Klaus Aschenbrenner. |
||
| 250 | _a1 | ||
| 260 |
_aNew Delhi _bDreamtech Press _c2007 |
||
| 300 |
_axxii,453 p.; _bPB _c25 cm. |
||
| 650 |
_aAdvanced service broker programming _9201637 |
||
| 650 |
_aService broker in action _9201638 |
||
| 650 |
_aService broker activation _9201639 |
||
| 650 |
_aLocking and transaction management _9201640 |
||
| 650 |
_aReal world application senarios _9201641 |
||
| 942 |
_2ddc _cBK _e1st _k005.7402 ASCK |
||
| 999 |
_c190522 _d190522 |
||